000 01244naa a22003137a 4500
001 BR7406227
003 BR-BrBNA
005 20240918173656.0
007 ta
008 230509b bl.||||| |||| 00| 0 por d
040 _aBR-BrBNA
_bpor
_cBiblioteca Nacional de Agricultura
041 _a(Pt)
072 _aH20
_b2120
_b4120
090 _aH20 BR7406227
100 1 _aMontoya, R.H.
100 1 _aChaves, G.M.
111 1 _a2. Congresso Brasileiro sobre Pesquisas Cafeeiras
_cPocos de Caldas, MG (Brazil)
_d10 Sep 1974
245 1 _aInfluencia da temperatura e da luz na germinacao, infectividade e periodo de geracao de Hemileia vastatrix [ferrugem, cafe]
260 3 _aRio de Janeiro, GB (Brasil):
_c1974.
500 _aResumos dos trabalhos apresentados no 2. Congresso Brasileiro sobre Pesquisas Cafeeiras Rio de Janeiro, GB (Brasil): 1974. p. 104-105 (BR7406227-AM)H20
650 _aCAFE
650 _aFERRUGEM ALARANJADA
650 _aFUNGO
650 _aTEMPERATURA
650 _aGERMINACAO
773 0 _tResumos dos trabalhos apresentados no 2. Congresso Brasileiro sobre Pesquisas Cafeeiras
_wH20 BR7406227
_gRio de Janeiro, GB (Brasil), 1974. p. 104-105
909 _a202404
_bLucia
_c55
_dLucia Elande
942 _cAM
_2AGRIS
999 _c306130
_d306130